000 00505nam a22001937a 4500
003 CEME
005 20210628203049.0
008 210218b xxu||||| |||| 00| 0 eng d
020 _a0-07-246060-1
040 _c.
082 _a004.62 FOR
100 _aFegan, Sophia.Chung, Forouzan, Behrouz.A
_963119
245 _aTcp-ip, protocol suite
250 _a2ND
260 _aNEW YORK
_bMCGRAW HILL
_c2003
300 _aXXXIV,941P
650 _aTCP-IP:COMPUTER NETWORK PROTOCOL
_924824
942 _cBK
_2ddc
999 _c572044
_d572044